| 000 | nam a22 7a 4500 | ||
|---|---|---|---|
| 999 |
_c328467 _d328467 |
||
| 003 | Nust | ||
| 005 | 20170407123638.0 | ||
| 008 | 170407b xxu||||| |||| 00| 0 eng d | ||
| 020 | _a978-8120-33274-4 | ||
| 040 | _cDLC | ||
| 082 | _a 620.11 SRI | ||
| 100 | _aSrivastava, A. K. | ||
| 245 | _aStrength of MAterials / | ||
| 260 |
_aNew Delhi : _bPrentice Hall of India, |
||
| 300 | _ax, 234p. : | ||
| 942 |
_2ddc _cBK |
||